| Tag |
First Indicator |
Second Indicator |
Subfields |
| LEADER |
00000cam a2200000Ia 4500 |
| 001 |
in00002751321 |
| 006 |
m d |
| 007 |
cr cn||||||||| |
| 008 |
111012s2012 enk ob 001 0 eng d |
| 005 |
20250816222524.1 |
| 010 |
|
|
|z 2011042609
|
| 020 |
|
|
|z 9780521761796
|
| 020 |
|
|
|z 9781139230414
|
| 035 |
|
|
|a (CaPaEBR)ebr10539376
|
| 035 |
|
|
|a (OCoLC)787846464
|
| 040 |
|
|
|a CaPaEBR
|c CaPaEBR
|d UtOrBLW
|
| 050 |
1 |
4 |
|a PE1591
|b .A68 2012eb
|
| 082 |
0 |
4 |
|a 420.1/43
|2 23
|
| 245 |
0 |
0 |
|a Antonyms in English :
|b construals, constructions and canonicity /
|c Steven Jones [and others].
|
| 264 |
|
1 |
|a Cambrige ;
|a New York :
|b Cambridge University Press,
|c 2012.
|
| 300 |
|
|
|a 1 online resource (xiv, 170 pages)
|
| 336 |
|
|
|a text
|b txt
|2 rdacontent
|
| 337 |
|
|
|a computer
|b c
|2 rdamedia
|
| 338 |
|
|
|a online resource
|b cr
|2 rdacarrier
|
| 490 |
1 |
|
|a Studies in English language
|
| 504 |
|
|
|a Includes bibliographical references and index.
|
| 500 |
|
|
|a Electronic resource.
|
| 650 |
|
0 |
|a English language
|x Synonyms and antonyms.
|
| 650 |
|
0 |
|a Language and languages.
|
| 655 |
|
7 |
|a Electronic books.
|2 local
|
| 700 |
1 |
|
|a Jones, Steven,
|d 1974-
|
| 710 |
2 |
|
|a ebrary, Inc.
|
| 830 |
|
0 |
|a Studies in English language.
|
| 856 |
4 |
0 |
|u https://ebookcentral.proquest.com/lib/tamucs/detail.action?docID=862369
|y Connect to the full text of this electronic book
|t 0
|
| 980 |
|
|
|a 120424
|b 105
|c USD
|e 105
|f YBP_EBR0000034067
|g 1
|
| 999 |
f |
f |
|s 96c21f4c-8415-372d-8ac9-90f29b8563ef
|i bfa55ba6-8117-34be-b179-0cebd7636c75
|t 0
|
| 999 |
|
|
|a MARS
|
| 952 |
f |
f |
|a Texas A&M University
|b College Station
|c Electronic Resources
|d Available Online
|t 0
|e PE1591 .A68 2012eb
|h Library of Congress classification
|
| 998 |
f |
f |
|a PE1591 .A68 2012eb
|t 0
|l Available Online
|